Countries of the World - Tile Select #2 - Statistics

General Stats
  • This quiz has been taken 193 times
    192 since last reset
  • The average score is 59 of 80
Answer Stats
Question Tile Select % Correct
Countries that border China Russia Yes
95%
Countries that border China Mongolia Yes
94%
Countries that border China India Yes
93%
Countries that border China Nepal Yes
93%
Countries that border China North Korea Yes
92%
Countries that border the Mediterranean Sea Switzerland No
92%
Countries that border Russia Ukraine Yes
92%
Countries that border Russia China Yes
91%
Countries that border Russia Kazakhstan Yes
91%
Countries that border the Mediterranean Sea Saudi Arabia No
90%
Countries that border the Mediterranean Sea Italy Yes
89%
Countries that border the Mediterranean Sea Spain Yes
88%
Countries that border Russia Sweden No
88%
Countries that border China Uzbekistan No
88%
Countries that border Russia Belarus Yes
87%
Countries that are located on the Danube River Italy No
87%
Countries that border Russia Mongolia Yes
87%
Countries that border the Mediterranean Sea Algeria Yes
86%
Countries that are located on the Danube River Russia No
86%
Countries that border the Mediterranean Sea Tunisia Yes
86%
Countries that border China Vietnam Yes
86%
Countries that border Russia Turkey No
85%
Countries that border the Mediterranean Sea France Yes
84%
Countries that border the Mediterranean Sea Libya Yes
84%
Countries that border the Mediterranean Sea Morocco Yes
84%
Countries with mountains over 8000 m (26,247 ft) Nepal Yes
84%
Countries that border China Bhutan Yes
83%
Countries that border the Mediterranean Sea North Macedonia No
83%
Countries that are located on the Danube River North Macedonia No
83%
Countries that border Russia Georgia Yes
82%
Countries that are located on the Danube River Hungary Yes
81%
Countries with mountains over 8000 m (26,247 ft) Kazakhstan No
80%
Countries that border Russia Moldova No
80%
Countries that border the Mediterranean Sea Bulgaria No
78%
Countries that border Russia Turkmenistan No
78%
Countries with mountains over 8000 m (26,247 ft) Italy No
77%
Countries that border Russia Lithuania Yes
77%
Countries that are located on the Danube River Austria Yes
76%
Countries with mountains over 8000 m (26,247 ft) China Yes
76%
Countries that border China Myanmar Yes
76%
Countries that are located on the Danube River Bosnia and Herzegovina No
75%
Countries that border the Mediterranean Sea Jordan No
75%
Countries that border China Thailand No
75%
Countries with mountains over 8000 m (26,247 ft) Japan No
73%
Countries that border Russia North Korea Yes
73%
Countries that border Russia Armenia No
72%
Countries that border Russia Norway Yes
72%
Countries that are located on the Danube River Slovenia No
72%
Countries that border the Mediterranean Sea Montenegro Yes
71%
Countries that border the Mediterranean Sea Portugal No
70%
Countries with mountains over 8000 m (26,247 ft) Austria No
69%
Countries with mountains over 8000 m (26,247 ft) Canada No
69%
Countries that border China Kazakhstan Yes
69%
Countries that border Russia Uzbekistan No
67%
Countries that are located on the Danube River Germany Yes
66%
Countries with mountains over 8000 m (26,247 ft) India Yes
66%
Countries that border China Kyrgyzstan Yes
66%
Countries that border China Laos Yes
66%
Countries that are located on the Danube River Slovakia Yes
66%
Countries that border the Mediterranean Sea Bosnia and Herzegovina Yes
65%
Countries that border Russia Azerbaijan Yes
64%
Countries with mountains over 8000 m (26,247 ft) Pakistan Yes
64%
Countries that border China Pakistan Yes
63%
Countries that are located on the Danube River Romania Yes
62%
Countries with mountains over 8000 m (26,247 ft) Switzerland No
62%
Countries that border the Mediterranean Sea Syria Yes
62%
Countries with mountains over 8000 m (26,247 ft) Russia No
61%
Countries with mountains over 8000 m (26,247 ft) Afghanistan No
60%
Countries with mountains over 8000 m (26,247 ft) Tanzania No
60%
Countries with mountains over 8000 m (26,247 ft) USA No
60%
Countries that are located on the Danube River Serbia Yes
59%
Countries that border China Tajikistan Yes
57%
Countries with mountains over 8000 m (26,247 ft) Chile No
56%
Countries that border China Afghanistan Yes
55%
Countries that are located on the Danube River Czech Republic No
46%
Countries that are located on the Danube River Bulgaria Yes
43%
Countries with mountains over 8000 m (26,247 ft) Bhutan No
37%
Countries that are located on the Danube River Croatia Yes
33%
Countries that are located on the Danube River Ukraine Yes
27%
Countries that are located on the Danube River Moldova Yes
16%
No matching quizzes found
Score Distribution
Percent of People with Each Score
Percentile by Number Answered
Your Score History
You have not taken this quiz since the last reset